First 100 words of A Tale of Two Cities - Statistics

General Stats
  • This quiz has been taken 588 times
  • The average score is 59 of 100
Answer Stats
Word % Correct
the
98%
of
93%
was
93%
It
92%
it
92%
best
81%
worst
81%
times,
80%
in
61%
we
56%
to
55%
were
41%
so
38%
that
38%
age
37%
all
36%
had
35%
us,
27%
Light,
25%
winter
25%
despair,
23%
hope,
23%
nothing
23%
going
22%
spring
22%
wisdom,
22%
Darkness,
21%
epoch
21%
everything
21%
like
21%
way –
21%
before
19%
foolishness,
19%
other
19%
season
18%
Heaven,
17%
its
17%
some
16%
direct
15%
short,
14%
belief,
13%
present
13%
incredulity,
12%
period
12%
period,
12%
far
10%
No matching quizzes found
Score Distribution
Percent of People with Each Score
Percentile by Number Answered
Your Score History
You have not taken this quiz